Il beato Timoteo Giaccardo (Record n. 37808)
[ formato base ]
| 000 -LEADER | |
|---|---|
| fixed length control field | 01770nam a22001817a 4500 |
| 003 - CONTROL NUMBER IDENTIFIER | |
| control field | IT-RoPau |
| 005 - DATE AND TIME OF LATEST TRANSACTION | |
| control field | 20220918175938.0 |
| 008 - FIXED-LENGTH DATA ELEMENTS--GENERAL INFORMATION | |
| fixed length control field | 130121b xxu||||| |||| 00| 0 eng d |
| 040 ## - CATALOGING SOURCE | |
| Transcribing agency | IT-RoPau |
| 100 ## - MAIN ENTRY--PERSONAL NAME | |
| Personal name | Papasogli, Giorgio |
| 9 (RLIN) | 210 |
| 245 ## - TITLE STATEMENT | |
| Title | Il beato Timoteo Giaccardo |
| Remainder of title | della Società San Paolo |
| 250 ## - EDITION STATEMENT | |
| Edition statement | I |
| 260 ## - PUBLICATION, DISTRIBUTION, ETC. (IMPRINT) | |
| Place of publication, distribution, etc. | Cinisello balsamo |
| Name of publisher, distributor, etc. | SSP |
| Date of publication, distribution, etc. | 1989 |
| 300 ## - PHYSICAL DESCRIPTION | |
| Extent | 317 p. con foto |
| Dimensions | 20 cm |
| 490 ## - SERIES STATEMENT | |
| Series statement | edizioni paoline |
| Volume/sequential designation | I |
| 520 ## - SUMMARY, ETC. | |
| Summary, etc. | Indice<br/><br/>Presentazione<br/>Nota bibliografica<br/><br/> LA SUA VITA<br/><br/>Capitolo I<br/>La veglia tra due secoli<br/><br/>Capitolo II<br/>Don Alberione incontra<br/><<Pinotu>> Giaccardo<br/><br/>Capitolo III<br/>Devozione mariana<br/><br/>Capitolo IV<br/>Gli inizi della Famiglia Paolina<br/><br/>Capitolo V<br/>Giuseppe Giaccardo entra<br/>nella Famiglia Paolina<br/><br/>Capitolo VI<br/>Professo nella Pia Società San Paolo <br/><br/>Capitolo VII<br/>Le <<piccole>> vie di Don Alberione<br/><br/>Capitolo VIII<br/>Brucia la tipografia<br/><br/>Capitolo IX<br/>Sacerdote di Crsito<br/><br/>Capitolo X<br/>Il discepolo Timoteo<br/><br/>Capitolo XI<br/>Lotta contro se stesso<br/><br/>Capitolo XII<br/>Sviluppo sorprendente dell'Istituto<br/><br/>Capitolo XIII<br/>I due grandi temi sampaolini:<br/>universalismo e unificazione<br/>delle scienze<br/><br/>Capitolo XIV<br/>La teologia del <<Maestro>><br/>e le quattro <<ruote>> paoline<br/><br/>Capitolo XV<br/>La partenza per Roma<br/><br/>Capitolo XVI<br/>Costruzione della casa di roma<br/><br/>Capitolo XVII<br/>Superiore in Casa Madre<br/><br/>Capitolo XVIII<br/>I gradi dell'amore<br/><br/>Capitolo XIX<br/>Il vicario generale<br/><br/>Capitolo XX<br/>Il miracolo per la beatificazione<br/><br/> DAI SUOI SCRITTI <br/><br/>Il Divino Maestro<br/>Maria Santissima, Madre, Maestra<br/>e Regina<br/>San Paolo, l'Apostolo<br/>La pietà<br/>La fede<br/>La speranza<br/>La carità<br/>La povertà<br/>La castità<br/>L'obbedienza<br/>L'umiltà, via alla gloria<br/>Piccole virtù, segreti di felicità<br/><br/><br/> <br/><br/><br/> |
| 942 ## - ADDED ENTRY ELEMENTS (KOHA) | |
| Source of classification or shelving scheme | Dewey Decimal Classification |
| Koha item type | LIBRO |
| Withdrawn status | Lost status | Source of classification or shelving scheme | Damaged status | Not for loan | Home library | Current library | Date acquired | Total Checkouts | Full call number | Date last seen | Price effective from | Koha item type |
|---|---|---|---|---|---|---|---|---|---|---|---|---|
| Dewey Decimal Classification | Buone Condizioni | Not For Loan | PAULUS-BIBLIOTECA | PAULUS-BIBLIOTECA | 21/01/2013 | P B3 | 21/01/2013 | 21/01/2013 | LIBRO | |||
| Dewey Decimal Classification | Buone Condizioni | Not For Loan | PAULUS-BIBLIOTECA | PAULUS-BIBLIOTECA | 21/01/2013 | P B3 | 21/01/2013 | 21/01/2013 | LIBRO | |||
| Dewey Decimal Classification | Buone Condizioni | Not For Loan | PAULUS-BIBLIOTECA | PAULUS-BIBLIOTECA | 14/12/2013 | P B3 | 14/12/2013 | 14/12/2013 | LIBRO | |||
| Dewey Decimal Classification | Buone Condizioni | Not For Loan | PAULUS-BIBLIOTECA | PAULUS-BIBLIOTECA | 14/12/2013 | P B3 | 14/12/2013 | 14/12/2013 | LIBRO |